ا ر د و صحا فت ميں ا د ا ر يہ نگا ر ی (Record no. 188239)

MARC details
000 -LEADER
fixed length control field 00729nam a22001937a 4500
005 - DATE AND TIME OF LATEST TRANSACTION
control field 20220513122128.0
010 ## - LCCN (DPL NO)
LC control number UR-11560
020 ## - INTERNATIONAL STANDARD BOOK NUMBER
Terms of availability 350.00
International Standard Book Number 9789384255800
035 ## - SYSTEM CONTROL NUMBER
System control number U-10115
037 ## - SOURCE OF ACQUISITION
Source of stock number/acquisition DBAD/PUB
Stock number -
082 ## - DEWEY DECIMAL CLASSIFICATION NUMBER
Classification number 440.9
Edition number Ist
100 ## - MAIN ENTRY--PERSONAL NAME
Personal name محمد محبو ب علی
245 ## - TITLE STATEMENT
Title ا ر د و صحا فت ميں ا د ا ر يہ نگا ر ی
Statement of responsibility, etc محمد محبو ب علی
Medium ا ر د و
246 ## - VARYING FORM OF TITLE
Remainder of title Urdu Sahafat Mein Idariya Nigari (Urdu)
Title proper/short title by Mohd. Mehboob Ali
260 ## - PUBLICATION, DISTRIBUTION, ETC. (IMPRINT)
Place of publication, distribution, etc Delhi
Name of publisher, distributor, etc Educational Publishing House
Date of publication, distribution, etc 2021 ء
270 ## - ADDRESS
Address 3191,Vakil Street, Kucha Pandit Lal Lal Kuan,
City Delhi
Postal code 110006
Telephone number 45678202
Fax number -
300 ## - PHYSICAL DESCRIPTION
Extent 184 ص
Dimensions 22 Cm(Hb)
942 ## - ADDED ENTRY ELEMENTS (KOHA)
Source of classification or shelving scheme Dewey Decimal Classification
Item type Urdu Bks
Classification part 440.9
Call number suffix م ح ب
Holdings
Withdrawn status Lost status Not for loan Collection code Home library Current library Date acquired Source of acquisition Cost, normal purchase price Full call number Barcode Copy number Cost, replacement price Koha item type
    Not For Loan Non-fiction D.B.Act.Division Central Library 13/05/2022 DBAD/PUB 350.00 440.9 م ح ب U-10115 1 350.00 Urdu Bks

© Delhi Public Library
Hit Counter
free hit counter